Létající modely.

Uložené v:
Podrobná bibliografia
Hlavný autor: PROCHÁZKA, V. (Author)
Médium: Kniha
Jazyk:Czech
Vydané: 1961
Tagy: Pridať tag
Žiadne tagy, Buďte prvý kto otaguje tento záznam!

MARC

LEADER 00000nam a2200000 a 4500
001 000225310
005 00000000000000.0
008 040101s1961 e czeo
041 0 |a cze 
100 1 |a PROCHÁZKA, V.  |4 aut 
245 1 0 |a Létající modely. 
260 |c 1961 
500 |a Záznam neprešiel kontrolou 
910 |a svkkk 
998 |a BK 
090 |g SCKHL  |k Sklad Pribinova 1. posch.  |a IV.18549  |i 225310-10  |s Absenčne